Ville qui ont été capitale de la France - Mort subite - Statistiques

Statistiques générales
  • Ce quiz a été pris 202 fois
  • Le résultat moyen est 5 sur 18
Answers on the Grid
Answers color-coded by a green-red scale on the quiz's grid according to % correct below.
Fort-de-France
Tournai
Soissons
Orléans
Reims
Metz
Clichy
Aix-la-Chapelle
Laon
Troyes
Tours
Bordeaux
Versailles
Clermont
Vichy
Brazzaville
Alger
Londres
Bayeux
York
Lille
Dunkerque
Toulouse
Compiègne
Amiens
Villers-Cotterêts
Pau
Brest
Marseille
Montréal
Caen
Verdun
 
Statistiques - réponses
Réponse % Correct
Vichy
60%
Versailles
56%
Aix-la-Chapelle
44%
Bordeaux
43%
Orléans
37%
Reims
35%
Tours
30%
Alger
28%
Soissons
27%
Brazzaville
24%
Londres
15%
Troyes
13%
Laon
11%
Tournai
11%
Bayeux
9%
Metz
9%
Clermont
8%
Clichy
8%
Aucun quiz correspondant
Distribution des résultats
% des personnes avec chaque résultat
Percentile par nombre de réponses
Votre historique - résultats
Vous n’avez pas pris ce quiz